Estudio comparativo acerca de la Ley del descanso dominical : (Record no. 37639)

MARC details
000 -LEADER
campo de control de longitud fija 00766cam a22002411 4500
001 - NÚMERO DE CONTROL
campo de control 37639
003 - IDENTIFICADOR DE NÚMERO DE CONTROL
campo de control SpMaBN
005 - FECHA Y HORA DE LA ÚLTIMA TRANSACCIÓN
campo de control 20230911063136.0
008 - DATOS DE LONGITUD FIJA--INFORMACIÓN GENERAL
campo de control de longitud fija 900725s1906 sp spa
016 7# - NÚMERO DE CONTROL DE UNA AGENCIA BIBLIOGRÁFICA NACIONAL
Número de control del registro bimoBNE19970255765
Número de control cancelado/no válido IND9100020602
Fuente SpMaBN
035 ## - NÚMERO DE CONTROL DEL SISTEMA
Número de control de sistema (OCoLC)431181506
040 ## - FUENTE DE CATALOGACIÓN
Centro catalogador/agencia de origen SpMaBN
Lengua de catalogación spa
Centro/agencia transcriptor A2
100 1# - ENTRADA PRINCIPAL--NOMBRE DE PERSONA
Nombre de persona Álvarez y Builla y Godino, José,
Fechas asociadas al nombre n. 1881
Número de control del registro de autoridad o número normalizado XX1192333
9 (RLIN) 234208
245 10 - MENCIÓN DEL TÍTULO
Título Estudio comparativo acerca de la Ley del descanso dominical :
Resto del título tesis...
260 ## - PUBLICACIÓN, DISTRIBUCIÓN, ETC.
Lugar de publicación, distribución, etc. Oviedo :
Nombre del editor, distribuidor, etc. Uria Hermanos,
Fecha de publicación, distribución, etc. 1906
300 ## - DESCRIPCIÓN FÍSICA
Extensión 126 p., 1 h.;
Dimensiones 21 cm
500 ## - NOTA GENERAL
Nota general Tesis doctoral
650 #7 - PUNTO DE ACCESO ADICIONAL DE MATERIA--TÉRMINO DE MATERIA
Término de materia o nombre geográfico como elemento de entrada Descanso dominical
9 (RLIN) 151809
942 ## - ELEMENTOS DE ENTRADA SECUNDARIOS (KOHA)
Fuente del sistema de clasificación o colocación Clasificación decimal universal
956 ## - LOCALIZACIÓN Y ACCESO ELECTRÓNICOS LOCAL (OCLC)
Nombre del host 1
980 ## - EQUIVALENCIA O REFERENCIA-CRUZADA-MENCIÓN DE SERIE--NOMBRE DE PERSONA/TÍTULO [LOCAL, CANADÁ]
Nombre de persona Rúst.
-- SpMaBN
Numeración BNMADRID
Calificador de atribución VC/337/14
Títulos y otros términos asociados al nombre SG_RECOLET
Holdings
Estatus retirado Estado de pérdida Estado de daño No para préstamo Colección Biblioteca de origen Biblioteca actual Ubicación en estantería Fecha de adquisición Fuente de adquisición Total de préstamos Signatura topográfica completa Código de barras Visto por última vez Precio de reemplazo Tipo de ítem Koha
        Colección de folletos Biblioteca del Ateneo de Madrid Biblioteca del Ateneo de Madrid Depósito folletos 17/01/2008     T-1098-F-1 1039621 23/02/2023 23/02/2023 Folleto